• 首页
  • 本馆介绍
  • 公告通知
  • 最新文献
  • 馆藏检索
  • 电子资源
  • 读者导购
  • 参考咨询
  • 我的图书馆
  • 登录
  • 详细信息显示
  • 放入我的书架
  • 预约/预借图书
  • 作者相关作品
  • 分类相关作品
  • 丛书相关作品
  • 出版社相关作品

书目信息

  • 表格格式
  • 工作单格式
  • 卡片格式
题名:
瓜类蔬菜设施栽培
    
 
作者: 陈学好 , 陈龙正 , 曾爱松 编著
分册:  
出版信息: 北京   中国农业出版社  2013
页数: 170页
开本: 21cm
丛书名: 谁种谁赚钱·设施蔬菜技术丛书
单 册:
中图分类: S642
科图分类:
主题词: 瓜类蔬菜--温室栽培 , 瓜类蔬菜 , 温室栽培
电子资源:
ISBN: 978-7-109-18115-1
000 01021nam0 2200301 450
001 012015000803
005 20150914162049.35
010    @a978-7-109-18115-1@dCNY20.00
100    @a20140429d2013 em y0chiy50 ea
101 0  @achi
102    @aCN@b110000
105    @aa z 000yy
106    @ar
200 1  @a瓜类蔬菜设施栽培@Agua lei shu cai she shi zai pei@f陈学好,陈龙正,曾爱松等编著
210    @a北京@c中国农业出版社@d2013
215    @a170页@c彩照@d21cm
225 1  @a谁种谁赚钱·设施蔬菜技术丛书@f常有宏,余文贵,陈新主编
330    @a本书共四章,主要内容包括:黄瓜设施栽培、苦瓜设施栽培、南瓜设施栽培、西葫芦设施栽培等。
461  0 @12001 @a谁种谁赚钱·设施蔬菜技术丛书
606 0  @a瓜类蔬菜@x温室栽培
606 0  @a瓜类蔬菜
606 0  @a温室栽培
690    @aS642@v5
701  0 @a陈学好@Achen xue hao@f(1961~)@4编著
701  0 @a陈龙正@Achen long zheng@f(1980~)@4编著
701  0 @a曾爱松@Azeng ai song@c(女,@f1977~)@4编著
801  0 @aCN@b碧洲教育@c20150718
905    @a10447@f4@dS642@e329
    
    瓜类蔬菜设施栽培/陈学好,陈龙正,曾爱松等编著.-北京:中国农业出版社,2013
    170页:彩照;21cm.-(谁种谁赚钱·设施蔬菜技术丛书/常有宏,余文贵,陈新主编)
    
    
    ISBN 978-7-109-18115-1:CNY20.00
    本书共四章,主要内容包括:黄瓜设施栽培、苦瓜设施栽培、南瓜设施栽培、西葫芦设施栽培等。
●
相关链接 在E读中查询图书 在五车中查询图书 在当当中查询图书 在豆瓣中查询图书


正题名:瓜类蔬菜设施栽培     索取号:S642/329         预约/预借

序号 登录号 条形码 馆藏地/架位号 状态 备注
1 0847971   208479715   第二样本阅览室/ [索取号:S642/329] 在馆    
2 0847972   208479724   密集书库-生命科学系/ [索取号:S642/329] 在馆    
3 0847973   208479733   第三借阅区/ [索取号:S642/329] 在馆    
4 0847974   208479742   第三借阅区/ [索取号:S642/329] 在馆    
唐山师范学院图书馆 欢迎您!
大连网信软件有限公司© 版权所有